<?xml version="1.0" encoding="UTF-8"?><?xml-stylesheet type="text/xsl" href="static/style.xsl"?><OAI-PMH xmlns="http://www.openarchives.org/OAI/2.0/" xmlns:xsi="http://www.w3.org/2001/XMLSchema-instance" xsi:schemaLocation="http://www.openarchives.org/OAI/2.0/ http://www.openarchives.org/OAI/2.0/OAI-PMH.xsd"><responseDate>2026-06-05T15:30:31Z</responseDate><request verb="GetRecord" identifier="oai:riuma.uma.es:10630/29448" metadataPrefix="marc">https://riuma.uma.es/rest/oai/request</request><GetRecord><record><header><identifier>oai:riuma.uma.es:10630/29448</identifier><datestamp>2026-02-03T11:36:32Z</datestamp><setSpec>com_10630_2254</setSpec><setSpec>col_10630_37953</setSpec></header><metadata><record xmlns="http://www.loc.gov/MARC21/slim" xmlns:dcterms="http://purl.org/dc/terms/" xmlns:doc="http://www.lyncode.com/xoai" xmlns:xsi="http://www.w3.org/2001/XMLSchema-instance" xsi:schemaLocation="http://www.loc.gov/MARC21/slim http://www.loc.gov/standards/marcxml/schema/MARC21slim.xsd">
   <leader>00925njm 22002777a 4500</leader>
   <datafield ind2=" " ind1=" " tag="042">
      <subfield code="a">dc</subfield>
   </datafield>
   <datafield ind2=" " ind1=" " tag="720">
      <subfield code="a">Lara-Muñoz, José Pablo</subfield>
      <subfield code="e">author</subfield>
   </datafield>
   <datafield ind2=" " ind1=" " tag="720">
      <subfield code="a">Dawid-Milner, Marc Stefan</subfield>
      <subfield code="e">author</subfield>
   </datafield>
   <datafield ind2=" " ind1=" " tag="720">
      <subfield code="a">López-González, Manuel Víctor</subfield>
      <subfield code="e">author</subfield>
   </datafield>
   <datafield ind2=" " ind1=" " tag="720">
      <subfield code="a">Montes, Carmen</subfield>
      <subfield code="e">author</subfield>
   </datafield>
   <datafield ind2=" " ind1=" " tag="720">
      <subfield code="a">Spyer, KM</subfield>
      <subfield code="e">author</subfield>
   </datafield>
   <datafield ind2=" " ind1=" " tag="720">
      <subfield code="a">González-Barón, Salvador</subfield>
      <subfield code="e">author</subfield>
   </datafield>
   <datafield ind2=" " ind1=" " tag="260">
      <subfield code="c">2002</subfield>
   </datafield>
   <datafield ind2=" " ind1=" " tag="520">
      <subfield code="a">In order to study the importance of two pontine regions modulating laryngeal resistance, electrical current or microinjections of glutamate (10–30 nl, 1–3 nmol) were made into the pontine parabrachial complex and the A5 region in spontaneously breathing anaesthetized rats. Two distinct patterns of laryngeal and respiratory responses were elicited. An increase of subglottal pressure was accompanied with an expiratory facilitatory response consisted of a decrease in both respiratory rate and phrenic nerve activity. A decrease of subglottal pressure was accompanied with an inspiratory facilitatory response consisted of an increase in both respiratory rate and phrenic nerve activity. The modification of laryngeal calibre occurred during both respiratory phases in most cases. The concomitant cardiovascular changes of these responses were also analyzed. Controls using guanethidine to block autonomic responses which might interact with respiratory control were also made. Histological analysis of stimulation sites showed a topographical organization of these responses: laryngeal constriction was evoked from Kölliker–Fuse, medial parabrachial nuclei and A5 region, whilst the laryngeal dilation was evoked from the lateral parabrachial nucleus.</subfield>
   </datafield>
   <datafield ind1="8" ind2=" " tag="024">
      <subfield code="a">J.P Lara, M.S Dawid-Milner, M.V López, C Montes, K.M Spyer, S González-Barón, Laryngeal effects of stimulation of rostral and ventral pons in the anaesthetized rat, Brain Research, Volume 934, Issue 2, 2002, Pages 97-106, ISSN 0006-8993, https://doi.org/10.1016/S0006-8993(02)02364-8.</subfield>
   </datafield>
   <datafield ind1="8" ind2=" " tag="024">
      <subfield code="a">https://hdl.handle.net/10630/29448</subfield>
   </datafield>
   <datafield ind1="8" ind2=" " tag="024">
      <subfield code="a">doi: 10.1016/s0006-8993(02)02364-8</subfield>
   </datafield>
   <datafield tag="653" ind2=" " ind1=" ">
      <subfield code="a">Respiración - Regulación - Modelos animales</subfield>
   </datafield>
   <datafield tag="653" ind2=" " ind1=" ">
      <subfield code="a">Laringe - Modelos animales</subfield>
   </datafield>
   <datafield tag="653" ind2=" " ind1=" ">
      <subfield code="a">Experimentación animal</subfield>
   </datafield>
   <datafield ind2="0" ind1="0" tag="245">
      <subfield code="a">Laryngeal effects of stimulation of rostral and ventral pons in the anaesthetized rat</subfield>
   </datafield>
</record>
</metadata></record></GetRecord></OAI-PMH>